000 00739nam a2200193 i 4500
001 47182
003 ES-MaACL
005 20230906161522.0
007 t|
008 030404s1954 sp |||| | spa d
245 0 0 _aConvenio cultural entre España y la República Dominicana
_b: Ciudad Trujillo, 27 de enero de 1953.
260 _aMadrid :
_b[s.n.,
_c1954] (
_fImp. del Ministerio de Asuntos Exteriores)
300 _a4 p. ;
_c23 cm.
500 _aPrecede al tít.: Ministerio de Asuntos Exteriores.
651 4 _aEspaña-
_xRelaciones-
_zRepública Dominicana.
_9169293
651 4 _aRepública Dominicana-
_xRelaciones-
_zEspaña.
_9169294
710 1 _aEspaña.
_bMinisterio de Asuntos Exteriores.
_93845
852 _aES-MaACL
_j1970-F-21
999 _c47182
_d47182